000 00375nam a22001577a 4500
005 20200528101924.0
008 200528b xxu||||| |||| 00| 0 eng d
041 _aeng
082 _a340
100 _aBARE ACT
_95744
245 _aTHE BONDED LABOUR SYSTEM ACT, 1976
260 _aDELHI
_bPROFESSIONAL BOOK PUBLISHERS
300 _a13;p
650 _a;AW
_95745
942 _cBK
999 _c6558
_d6556